000 003080000a22001450004500
003 MACL
040 _aMACL
090 _c32869
_d32867
100 _aSudha Publication Ltd
245 _aPublic Speaking
260 _bSudha Publication Ltd
350 _a45
650 _aGeneralities
942 _cBOOK
_k001/SUD
999 _c32532
_d32532